Pferde Quiz deutsch - Statistiken

Allgemein
  • Dieses Quiz wurde 1.109 mal gespielt
  • Das Durchschnittsergebnis liegt bei 11 aus 15
Antwortstatistiken
Frage Antwort % Korrekt
Wie heißen die Babys von Pferden? Fohlen
99%
Wie nennt man ein weißes Pferd? Schimmel
99%
Was sind die drei Grundgangarten? schritt, trab, gallopp
99%
Mit welchen anderen Tieren sind Pferde am nähsten verwandt? Esel und Zebras
94%
Was ist kein Putz zeug? Schabracke
86%
Was ist Hufrehe? Eine Entzündung der Huflederhaut
82%
Was ist ein Fuchs? ein rotbraunes Pferd mit rotbrauner Mähne und Schweif
80%
Wie alt werden Pferde durchschnittlich? 25-30 Jahre
79%
Für welche Disziplin gibt es keine Turniere? Horsemanship
64%
Welche Fellfarbe haben Lippizaner Fohlen Schwarz
64%
In welchem Disney film kommt kein Pferd vor? Pinocchio
61%
Wie lange sind Pferde ungefähr tragend? 340 Tage
46%
Was sind Pferde ? Paarhufer
44%
Ab welcher Größe spricht man von einem Pferd? 1,48 m
38%
Wie viele Nägel hat ein korrekt beschlagenes Pferd? 28 Nägel
33%
Keine übereinstimmenden Quizze gefunden
Verteilung der Resultate
Anzahl Personen mit jedem Resultat
Perzentil nach korrekt beantworteten Fragen
Ihre Resultats-Entwicklung
Sie haben dieses Quiz noch nicht gespielt